Click The US States By Order Of Size - Hard - Statistics

General Stats
  • This quiz has been taken 39 times
  • The average score is 20 of 50
Answers on the Map
Answers color-coded by a green-red scale on the quiz's map according to % correct below.
 
Answer Stats
Answer % Correct
4
100%
1
96%
2
96%
50
79%
3
71%
41
71%
48
71%
19
68%
14
61%
40
61%
47
61%
46
57%
7
57%
49
54%
10
50%
39
46%
6
46%
12
43%
21
43%
25
43%
17
39%
37
39%
38
39%
5
39%
26
36%
9
36%
23
32%
27
32%
42
32%
16
29%
20
29%
45
29%
29
25%
33
25%
35
25%
8
25%
32
21%
22
18%
31
18%
34
18%
28
14%
36
14%
13
11%
15
11%
18
11%
30
11%
11
7%
24
7%
44
4%
43
0%
No matching quizzes found
Score Distribution
Percent of People with Each Score
Percentile by Number Answered
Your Score History
You have not taken this quiz